Biological Thermodynamics (Record no. 17286)

000 -LEADER
fixed length control field 00321nam a22001217a 4500
003 - CONTROL NUMBER IDENTIFIER
control field Nust
005 - DATE AND TIME OF LATEST TRANSACTION
control field 20170315163721.0
008 - FIXED-LENGTH DATA ELEMENTS--GENERAL INFORMATION
fixed length control field 150812t xxu||||| |||| 00| 0 eng d
020 ## - INTERNATIONAL STANDARD BOOK NUMBER
International Standard Book Number 0-521-70404-9
040 ## - CATALOGING SOURCE
Transcribing agency ASAB
082 ## - DEWEY DECIMAL CLASSIFICATION NUMBER
Classification number 572.43
100 ## - MAIN ENTRY--PERSONAL NAME
Personal name Donald T. Haynie
9 (RLIN) 1016
245 ## - TITLE STATEMENT
Title Biological Thermodynamics
Statement of responsibility, etc. by Donald T. Haynie
260 ## - PUBLICATION, DISTRIBUTION, ETC.
Place of publication, distribution, etc. chennai, india
Name of publisher, distributor, etc. chennai micro print ltd
Date of publication, distribution, etc. 2001
300 ## - PHYSICAL DESCRIPTION
Extent 379 p
942 ## - ADDED ENTRY ELEMENTS (KOHA)
Source of classification or shelving scheme
Koha item type Book
Holdings
Withdrawn status Lost status Source of classification or shelving scheme Damaged status Not for loan Collection code Permanent Location Current Location Date acquired Total Checkouts Full call number Barcode Date last seen Price effective from Koha item type
            Central Library (CL) Central Library (CL) 08/12/2015   572.436 HAY ASAB1748 03/15/2017 08/12/2015 Book
© 2023 Central Library, National University of Sciences and Technology. All Rights Reserved.